000 00297nam a22001337a 4500
008 171101b xxu||||| |||| 00| 0 eng d
020 _a9780256269826
041 _aeng
080 _a33
100 _a59
101 _aBUS
245 _aBUSINESS AND ADMINISTRATIVE
_cLOCKER.K.O
942 _2udc
_cBK
999 _c36989
_d36989